[Event "Titled Tuesday intern op 09th Jan Early"]
[Site "Chess.com INT"]
[Date "2024.01.09"]
[Round "6"]
[White "Wendt, Jan Dietrich"]
[Black "Dubnevych, Maksym"]
[Result "1/2-1/2"]
[WhiteElo "2278"]
[BlackElo "2340"]
[PlyCount "78"]
[EventDate "2024.01.09"]
[EventType "swiss (blitz)"]
[EventRounds "11"]
[EventCountry "USA"]
[SourceTitle "CB03_2024"]
[SourceDate "2024.01.17"]
[SourceVersion "1"]
[SourceVersionDate "2024.01.17"]
[SourceQuality "1"]

1. Nf3 e6 2. c4 d5 3. g3 Nf6 4. Bg2 Be7 5. 0-0 c6 6. d4 0-0 7. Nbd2 b6 8. Qc2 Bb7 9. e4 Na6 10. Ne5 c5 11. exd5 exd5 12. dxc5 Nxc5 13. Nb3 Nxb3 14. axb3 Rc8 15. Rxa7 Rc7 16. Bf4 Bd6 17. Rd1 Qb8 18. Raa1 Rd8 19. Nd3 dxc4 20. bxc4 Bxg2 21. Kxg2 Qb7+ 22. Kg1 Bxf4 23. Nxf4 Rdc8 24. b3 b5 25. Rac1 bxc4 26. bxc4 Qf3 27. Qe2 Qxe2 28. Nxe2 g6 29. Rd4 Ne8 30. Nf4 Rc5 31. h4 R5c6 32. Nd5 Kf8 33. Ne3 Nd6 34. Kg2 Nb7 35. Rcd1 Na5 36. h5 Nxc4 37. Nxc4 Rxc4 38. Rd8+ Kg7 39. Rxc8 Rxc8 1/2-1/2

[Event "Titled Tuesday intern op 27th Jun Late"]
[Site "Chess.com INT"]
[Date "2023.06.27"]
[Round "9"]
[White "Sarkar, Justin"]
[Black "Wendt, Jan Dietrich"]
[Result "0-1"]
[WhiteElo "2320"]
[BlackElo "2273"]
[PlyCount "66"]
[EventDate "2023.06.27"]
[EventType "swiss (blitz)"]
[EventRounds "11"]
[EventCountry "USA"]
[SourceTitle "EXT 2024"]
[Source "ChessBase"]
[SourceDate "2023.10.10"]
[SourceVersion "1"]
[SourceVersionDate "2023.10.10"]
[SourceQuality "1"]

1. e4 c5 2. Nf3 e6 3. d4 cxd4 4. Nxd4 Nf6 5. Nc3 Nc6 6. Ndb5 d6 7. Bf4 e5 8. Bg5 a6 9. Na3 b5 10. Nd5 Be7 11. Bxf6 Bxf6 12. c4 bxc4 13. Qa4 Bd7 14. Qxc4 Rc8 15. Qxa6 0-0 16. Be2 Nd4 17. 0-0 Be6 18. Bd3 Bxd5 19. exd5 Bg5 20. Nc4 Be7 21. Rfc1 f5 22. Nb6 Rb8 23. Nc4 e4 24. Bf1 f4 25. Qa5 Qe8 26. Qd2 Bf6 27. Nxd6 Qe5 28. Nc4 Qg5 29. Kh1 Rbe8 30. Re1 Qh4 31. d6 f3 32. d7 Rd8 33. g3 Qh6 0-1

[Event "Titled Tuesday intern op 25th Oct Early"]
[Site "Chess.com INT"]
[Date "2022.10.25"]
[Round "10"]
[White "Bongo Akanga Ndjila, Barthelemy"]
[Black "Wendt, Jan Dietrich"]
[Result "0-1"]
[WhiteElo "1811"]
[BlackElo "2273"]
[PlyCount "56"]
[EventDate "2022.10.25"]
[EventType "swiss (blitz)"]
[EventRounds "11"]
[EventCountry "USA"]
[SourceTitle "EXT 2024"]
[Source "ChessBase"]
[SourceDate "2023.10.10"]
[SourceVersion "1"]
[SourceVersionDate "2023.10.10"]
[SourceQuality "1"]

1. d4 Nf6 2. c4 c5 3. d5 g6 4. Nc3 Bg7 5. e4 d6 6. Bd3 0-0 7. h3 Nbd7 8. Nf3 a6 9. a4 b6 10. 0-0 e5 11. Kh2 Kh8 12. Rg1 Nh5 13. g3 Qe8 14. Nh4 Ndf6 15. Bg5 Ng8 16. Be3 f5 17. exf5 gxf5 18. f4 exf4 19. Bxf4 Nxf4 20. gxf4 Ra7 21. Qf3 Qd8 22. Qh5 Nh6 23. Rxg7 Rxg7 24. Qxh6 Qe7 25. Ne2 Qe3 26. Ng6+ Kg8 27. Nxf8 Qf2+ 28. Kh1 Qg2# 0-1

[Event "Titled Tuesday intern op 25th Oct Early"]
[Site "Chess.com INT"]
[Date "2022.10.25"]
[Round "6"]
[White "Halkias, Stelios"]
[Black "Wendt, Jan Dietrich"]
[Result "1-0"]
[WhiteElo "2506"]
[BlackElo "2273"]
[PlyCount "33"]
[EventDate "2022.10.25"]
[EventType "swiss (blitz)"]
[EventRounds "11"]
[EventCountry "USA"]
[SourceTitle "EXT 2024"]
[Source "ChessBase"]
[SourceDate "2023.10.10"]
[SourceVersion "1"]
[SourceVersionDate "2023.10.10"]
[SourceQuality "1"]

1. Nf3 Nf6 2. c4 g6 3. Nc3 Bg7 4. e4 d6 5. d4 0-0 6. Be2 c5 7. 0-0 cxd4 8. Nxd4 Nc6 9. Be3 Bd7 10. h3 Nxd4 11. Bxd4 Bc6 12. Qc2 Nd7 13. Bxg7 Kxg7 14. Rad1 Qc7 15. b4 b6 16. Qb2 a5 17. Nd5+ 1-0

[Event "Titled Tuesday intern op 25th Oct Early"]
[Site "Chess.com INT"]
[Date "2022.10.25"]
[Round "4"]
[White "Wendt, Jan Dietrich"]
[Black "Dahlgren, James Allen"]
[Result "1-0"]
[WhiteElo "2273"]
[BlackElo "1860"]
[PlyCount "41"]
[EventDate "2022.10.25"]
[EventType "swiss (blitz)"]
[EventRounds "11"]
[EventCountry "USA"]
[SourceTitle "EXT 2024"]
[Source "ChessBase"]
[SourceDate "2023.10.10"]
[SourceVersion "1"]
[SourceVersionDate "2023.10.10"]
[SourceQuality "1"]

1. Nf3 d5 2. c4 d4 3. g3 c5 4. b4 Nc6 5. b5 Na5 6. d3 b6 7. Bg2 Bb7 8. 0-0 f6 9. Bd2 e5 10. Bxa5 bxa5 11. Nbd2 Bd6 12. Qa4 Qb6 13. Nb3 Bc7 14. Qa3 Bd6 15. Nxa5 Rb8 16. Nxb7 Rxb7 17. Nd2 Rc7 18. Bc6+ Kf8 19. Ne4 Be7 20. f4 f5 21. fxe5 1-0

[Event "EU-Cup 32nd"]
[Site "Novi Sad"]
[Date "2016.11.12"]
[Round "7.4"]
[White "Wendt, Jan Dietrich"]
[Black "Hummel, Erik Jan"]
[Result "1/2-1/2"]
[WhiteElo "2332"]
[BlackElo "2280"]
[PlyCount "106"]
[EventDate "2016.11.06"]
[EventType "team-swiss"]
[EventRounds "7"]
[EventCountry "SRB"]
[SourceTitle "CBM 176"]
[Source "ChessBase"]
[SourceDate "2017.01.17"]
[SourceVersion "1"]
[SourceVersionDate "2017.01.17"]
[SourceQuality "1"]
[WhiteTeam "Berlin SF"]
[BlackTeam "JSV SISSA"]
[WhiteTeamCountry "GER"]
[BlackTeamCountry "NED"]

1. d4 Nf6 2. Nf3 c5 3. d5 e6 4. Nc3 exd5 5. Nxd5 Nxd5 6. Qxd5 d6 7. e4 Nc6 8. Ng5 Qc7 9. Bc4 Nd8 10. 0-0 h6 11. Nf3 Be6 12. Qd3 Bxc4 13. Qxc4 Ne6 14. Rd1 Be7 15. a4 0-0 16. Ra3 Rad8 17. Rad3 Rfe8 18. c3 Qc6 19. Ne1 Bf8 20. f3 a6 21. a5 Qb5 22. Qxb5 axb5 23. b4 Rc8 24. Nc2 cxb4 25. Nxb4 Ra8 26. Be3 Rxa5 27. Nd5 Rc8 28. R3d2 Ra3 29. Bb6 Nc5 30. Rb1 Rca8 31. Rxb5 Ra1+ 32. Kf2 R1a2 33. Rxa2 Rxa2+ 34. Kg3 Nd3 35. Bd4 Ne1 36. Ne3 g5 37. Rxb7 Bg7 38. h4 Re2 39. Rb3 Nd3 40. Bxg7 Kxg7 41. Nf5+ Kg6 42. hxg5 hxg5 43. Rb6 Nf4 44. Rxd6+ f6 45. Kh2 Rxg2+ 46. Kh1 Ra2 47. Rd7 Ra1+ 48. Kh2 Ra2+ 49. Kh1 Ra1+ 50. Kh2 Ra2+ 51. Kg1 Nh3+ 52. Kh1 Nf2+ 53. Kg1 Nh3+ 1/2-1/2

[Event "EU-Cup 32nd"]
[Site "Novi Sad"]
[Date "2016.11.11"]
[Round "6.4"]
[White "Nikolovski, Nikola"]
[Black "Wendt, Jan Dietrich"]
[Result "1-0"]
[WhiteElo "2274"]
[BlackElo "2332"]
[PlyCount "63"]
[EventDate "2016.11.06"]
[EventType "team-swiss"]
[EventRounds "7"]
[EventCountry "SRB"]
[SourceTitle "CBM 176"]
[Source "ChessBase"]
[SourceDate "2017.01.17"]
[SourceVersion "1"]
[SourceVersionDate "2017.01.17"]
[SourceQuality "1"]
[WhiteTeam "Gambit Asseco See"]
[BlackTeam "Berlin SF"]
[WhiteTeamCountry "MKD"]
[BlackTeamCountry "GER"]

1. e4 c5 2. Nc3 e6 3. f4 d5 4. Nf3 dxe4 5. Nxe4 Nc6 6. g3 Nf6 7. Nxf6+ Qxf6 8. Bg2 Bd6 9. 0-0 0-0 10. d3 Rd8 11. c3 Qe7 12. Ng5 Qc7 13. Be3 Bf8 14. Qe2 h6 15. Ne4 b6 16. Rad1 Bb7 17. f5 exf5 18. Rxf5 Ne7 19. Rh5 f5 20. Bf4 Qc6 21. Nf6+ Qxf6 22. Bxb7 Rab8 23. Bxb8 Rxb8 24. Bg2 g5 25. Rf1 Rd8 26. h4 Bg7 27. hxg5 hxg5 28. Qe3 g4 29. Be4 Qe5 30. Rhxf5 Nxf5 31. Rxf5 Qe8 32. Qe2 1-0

[Event "EU-Cup 32nd"]
[Site "Novi Sad"]
[Date "2016.11.07"]
[Round "2.4"]
[White "Federic, Jozef"]
[Black "Wendt, Jan Dietrich"]
[Result "1-0"]
[WhiteElo "2290"]
[BlackElo "2332"]
[PlyCount "147"]
[EventDate "2016.11.06"]
[EventType "team-swiss"]
[EventRounds "7"]
[EventCountry "SRB"]
[SourceTitle "CBM 176"]
[Source "ChessBase"]
[SourceDate "2017.01.17"]
[SourceVersion "1"]
[SourceVersionDate "2017.01.17"]
[SourceQuality "1"]
[WhiteTeam "Modra"]
[BlackTeam "Berlin SF"]
[WhiteTeamCountry "SVK"]
[BlackTeamCountry "GER"]

1. d4 Nf6 2. Nf3 d6 3. Bf4 c5 4. e3 Qb6 5. b3 g6 6. Be2 Bg7 7. h3 Nc6 8. c3 0-0 9. 0-0 cxd4 10. exd4 e5 11. dxe5 dxe5 12. Nxe5 Rd8 13. Qc1 Nd5 14. Nxc6 Qxc6 15. Bf3 Nxf4 16. Qxf4 Qb6 17. Nd2 Bxc3 18. Nc4 Qb4 19. Rad1 Bf5 20. Qc7 Rd4 21. Rxd4 Bxd4 22. Bxb7 Re8 23. Nd6 Rf8 24. Nxf7 Qb6 25. Nh6+ Kh8 26. Qe7 Qf6 27. Nxf5 Qxf5 28. Bf3 Bc5 29. Qe2 Bd6 30. Rd1 Qf4 31. g3 Qe5 32. Qxe5+ Bxe5 33. Kg2 Rf7 34. Rd8+ Kg7 35. Bd5 Re7 36. Bc4 Bc7 37. Rg8+ Kf6 38. Rf8+ Ke5 39. f4+ Ke4 40. Rf7 Rxf7 41. Bxf7 Bd8 42. h4 Kf5 43. Kf3 h5 44. b4 Bb6 45. a4 Bd4 46. Bb3 Bc3 47. b5 Be1 48. Bf7 Kf6 49. Be8 Kf5 50. Bc6 Ba5 51. Be4+ Kf6 52. Bc6 Be1 53. g4 hxg4+ 54. Kxg4 Bd2 55. Be8 Be1 56. h5 gxh5+ 57. Bxh5 Bd2 58. Be8 Ba5 59. Kf3 Bd2 60. Ke4 Ba5 61. Bd7 Bc7 62. Bc8 Ba5 63. Kd5 Bd2 64. f5 Bc3 65. Kc6 Ba5 66. Kb7 Bb6 67. a5 Bd4 68. b6 axb6 69. axb6 Ke7 70. Kc6 Be5 71. Be6 Bf4 72. Kb7 Be3 73. Kc7 Bf4+ 74. Kc8 1-0

[Event "EU-Cup 32nd"]
[Site "Novi Sad"]
[Date "2016.11.06"]
[Round "1.4"]
[White "Wendt, Jan Dietrich"]
[Black "Yu, Yangyi"]
[Result "0-1"]
[WhiteElo "2332"]
[BlackElo "2721"]
[PlyCount "60"]
[EventDate "2016.11.06"]
[EventType "team-swiss"]
[EventRounds "7"]
[EventCountry "SRB"]
[SourceTitle "CBM 176"]
[Source "ChessBase"]
[SourceDate "2017.01.17"]
[SourceVersion "1"]
[SourceVersionDate "2017.01.17"]
[SourceQuality "1"]
[WhiteTeam "Berlin SF"]
[BlackTeam "Alkaloid"]
[WhiteTeamCountry "GER"]
[BlackTeamCountry "MKD"]

1. Nf3 d5 2. c4 e6 3. g3 dxc4 4. Bg2 a6 5. 0-0 Nf6 6. Qc2 Be7 7. Qxc4 b5 8. Qc2 Bb7 9. d4 0-0 10. Bg5 Nbd7 11. Bxf6 Nxf6 12. Nbd2 a5 13. Rfc1 c5 14. a4 cxd4 15. axb5 Rb8 16. Qd3 Bb4 17. Nc4 Bxf3 18. exf3 Rxb5 19. f4 Qb8 20. Ne5 Bd6 21. Nc6 Qb6 22. h3 h5 23. Ra4 h4 24. Kh1 Rxb2 25. Nxa5 Rxf2 26. Nc4 Qc7 27. Qxd4 Rxg2 28. Kxg2 Qc6+ 29. Kh2 hxg3+ 30. Kxg3 Qxa4 0-1

[Event "Wch Blitz 9th"]
[Site "Berlin"]
[Date "2015.10.14"]
[Round "20"]
[White "Ben Artzi, Ido"]
[Black "Wendt, Jan Dietrich"]
[Result "1-0"]
[WhiteElo "2419"]
[BlackElo "2332"]
[PlyCount "47"]
[EventDate "2015.10.13"]
[EventType "swiss (blitz)"]
[EventRounds "21"]
[EventCountry "GER"]
[SourceTitle "CBM 168 Extra"]
[Source "ChessBase"]
[SourceDate "2015.10.29"]
[SourceVersion "1"]
[SourceVersionDate "2015.10.29"]
[SourceQuality "1"]

1. e4 c5 2. Nf3 e6 3. d4 cxd4 4. Nxd4 Nf6 5. Nc3 Nc6 6. Be3 Bb4 7. f3 d5 8. Nxc6 bxc6 9. e5 Nd7 10. f4 Qa5 11. Bd2 Qb6 12. a3 Be7 13. Na4 Qc7 14. Be2 0-0 15. 0-0 f6 16. Bg4 Nc5 17. exf6 Rxf6 18. Nxc5 Bxc5+ 19. Kh1 Rb8 20. Bc3 Rxf4 21. Qe2 Rxf1+ 22. Rxf1 Qe7 23. Bh5 d4 24. Qe5 1-0

[Event "Wch Blitz 9th"]
[Site "Berlin"]
[Date "2015.10.14"]
[Round "19"]
[White "Wendt, Jan Dietrich"]
[Black "Pavlovic, Milos"]
[Result "0-1"]
[WhiteElo "2332"]
[BlackElo "2481"]
[PlyCount "110"]
[EventDate "2015.10.13"]
[EventType "swiss (blitz)"]
[EventRounds "21"]
[EventCountry "GER"]
[SourceTitle "CBM 168 Extra"]
[Source "ChessBase"]
[SourceDate "2015.10.29"]
[SourceVersion "1"]
[SourceVersionDate "2015.10.29"]
[SourceQuality "1"]

1. Nf3 g6 2. d4 Nf6 3. c4 Bg7 4. Nc3 d5 5. Bf4 0-0 6. Rc1 dxc4 7. e4 Bg4 8. Bxc4 Nh5 9. Be3 e5 10. dxe5 Qxd1+ 11. Rxd1 Nc6 12. Be2 Bxf3 13. Bxf3 Nxe5 14. Be2 Nf6 15. f3 a6 16. h3 b5 17. f4 Nc4 18. Bxc4 bxc4 19. e5 Ne8 20. Bc5 Bh6 21. Bxf8 Kxf8 22. 0-0 Rb8 23. f5 Be3+ 24. Kh1 Rxb2 25. fxg6 hxg6 26. Rd7 Rf2 27. Rxf2 Bxf2 28. Ne4 Bh4 29. Rd4 c3 30. Nxc3 Bg3 31. Ra4 Bxe5 32. Nd5 Ng7 33. Rxa6 Nf5 34. g4 Nd4 35. a4 c6 36. Ne3 Bf4 37. Nc4 Ke7 38. Ra7+ Ke6 39. Kg2 Kd5 40. Nb6+ Kc5 41. Nd7+ Kb4 42. a5 Nb5 43. Ra8 Nc7 44. Rc8 Kxa5 45. Rf8 Nd5 46. Rxf7 g5 47. Kf3 Kb4 48. Ke4 Nc3+ 49. Kf5 Nd5 50. Ne5 c5 51. Nf3 c4 52. Nxg5 c3 53. Rf8 c2 54. Rc8 Bc7 55. Ne6 c1Q 0-1

[Event "Wch Blitz 9th"]
[Site "Berlin"]
[Date "2015.10.13"]
[Round "10"]
[White "Hilverda, Alexander"]
[Black "Wendt, Jan Dietrich"]
[Result "1-0"]
[WhiteElo "2384"]
[BlackElo "2332"]
[PlyCount "53"]
[EventDate "2015.10.13"]
[EventType "swiss (blitz)"]
[EventRounds "21"]
[EventCountry "GER"]
[SourceTitle "CBM 168 Extra"]
[Source "ChessBase"]
[SourceDate "2015.10.29"]
[SourceVersion "1"]
[SourceVersionDate "2015.10.29"]
[SourceQuality "1"]

1. d4 Nf6 2. c4 g6 3. Nc3 d5 4. Nf3 Bg7 5. Qb3 dxc4 6. Qxc4 0-0 7. e4 Nfd7 8. Be3 Nb6 9. Qb3 Bg4 10. Rd1 Nc6 11. d5 Ne5 12. Be2 Nxf3+ 13. Bxf3 Bxf3 14. gxf3 Qd7 15. h4 c6 16. dxc6 Qxc6 17. h5 e6 18. h6 Bh8 19. 0-0 Rfd8 20. Nb5 Nd7 21. Rc1 Qa6 22. f4 Nf6 23. Nc7 Qe2 24. f3 Rd3 25. Nxa8 Qxe3+ 26. Kh1 Rd8 27. Qxe3 1-0

[Event "Wch Blitz 9th"]
[Site "Berlin"]
[Date "2015.10.13"]
[Round "2"]
[White "Papin, Vasily"]
[Black "Wendt, Jan Dietrich"]
[Result "1-0"]
[WhiteElo "2502"]
[BlackElo "2332"]
[PlyCount "69"]
[EventDate "2015.10.13"]
[EventType "swiss (blitz)"]
[EventRounds "21"]
[EventCountry "GER"]
[SourceTitle "CBM 168 Extra"]
[Source "ChessBase"]
[SourceDate "2015.10.29"]
[SourceVersion "1"]
[SourceVersionDate "2015.10.29"]
[SourceQuality "1"]

1. c4 Nf6 2. g3 g6 3. Bg2 Bg7 4. Nc3 0-0 5. d4 c6 6. e4 d6 7. Nge2 Nbd7 8. 0-0 e5 9. h3 Re8 10. Be3 exd4 11. Nxd4 Nc5 12. Qc2 a5 13. Rad1 Qe7 14. Rfe1 a4 15. Bf4 Rd8 16. b4 axb3 17. axb3 Ne6 18. Nf5 gxf5 19. exf5 Qf8 20. fxe6 fxe6 21. Na4 e5 22. Bg5 Be6 23. c5 Qf7 24. Rb1 Bd5 25. cxd6 Bxg2 26. Kxg2 Qd5+ 27. Kg1 Qxd6 28. Nb6 Rab8 29. Nc4 Qc7 30. Nxe5 Rf8 31. Rbd1 Kh8 32. Qc4 Nd5 33. Rxd5 Qb6 34. Rd2 Rbe8 35. Nf7+ 1-0

[Event "Wch Blitz 9th"]
[Site "Berlin"]
[Date "2015.10.13"]
[Round "4"]
[White "Wendt, Jan Dietrich"]
[Black "Hansen, Eric"]
[Result "0-1"]
[WhiteElo "2332"]
[BlackElo "2573"]
[PlyCount "49"]
[EventDate "2015.10.13"]
[EventType "swiss (blitz)"]
[EventRounds "21"]
[EventCountry "GER"]
[SourceTitle "CBM 168 Extra"]
[Source "ChessBase"]
[SourceDate "2015.10.29"]
[SourceVersion "1"]
[SourceVersionDate "2015.10.29"]
[SourceQuality "1"]

1. Nf3 Nf6 2. c4 g6 3. Nc3 c5 4. d4 cxd4 5. Nxd4 Bg7 6. e4 d6 7. Be2 0-0 8. 0-0 Nc6 9. Be3 Bd7 10. Qd2 Rc8 11. f3 a6 12. Rac1 Re8 13. Rfd1 h5 14. Kh1 h4 15. Nb3 Ne5 16. c5 dxc5 17. Nxc5 Bc6 18. Qe1 Qb6 19. Qxh4 Qxb2 20. Bf1 Qa3 21. Qe1 Red8 22. Nb3 Rxd1 23. Rxd1 Ned7 24. Bg1 e6 25. e5 0-1

[Event "BL2-Nord 1415"]
[Site "Germany"]
[Date "2014.11.09"]
[Round "3.3"]
[White "Janaszak, Dawid"]
[Black "Wendt, Jan Dietrich"]
[Result "1-0"]
[WhiteElo "2363"]
[BlackElo "2383"]
[PlyCount "107"]
[EventDate "2014.09.21"]
[EventType "team-tourn"]
[EventRounds "9"]
[EventCountry "GER"]
[SourceTitle "CBM 166 Extra"]
[Source "ChessBase"]
[SourceDate "2015.06.18"]
[SourceVersion "1"]
[SourceVersionDate "2015.06.18"]
[SourceQuality "1"]
[WhiteTeam "Ruedersdorf"]
[BlackTeam "Berlin SF II"]
[WhiteTeamCountry "GER"]
[BlackTeamCountry "GER"]

1. Nf3 Nf6 2. c4 g6 3. g3 Bg7 4. Bg2 0-0 5. 0-0 Nc6 6. Nc3 d6 7. d4 a6 8. b3 Rb8 9. Bb2 b5 10. cxb5 axb5 11. Rc1 b4 12. Na4 Na5 13. Qc2 c6 14. Nd2 d5 15. Rfe1 Bf5 16. Qd1 Re8 17. f3 Bc8 18. e4 e6 19. Nf1 Nd7 20. Ne3 Ba6 21. Qd2 Bf8 22. Ba1 Bb5 23. Nc5 dxe4 24. Nxe4 f5 25. Nf2 Nf6 26. Nd3 Bxd3 27. Qxd3 Nd5 28. f4 Bg7 29. Nf1 Nc3 30. Bxc3 bxc3 31. Red1 Rb4 32. Qa6 Rxd4 33. Re1 Rd6 34. b4 Bd4+ 35. Kh1 c5 36. Qxa5 Qxa5 37. bxa5 Ra6 38. a4 Rxa5 39. Bc6 Re7 40. Ne3 Kf7 41. Nd1 e5 42. fxe5 Bxe5 43. Nxc3 Bxc3 44. Rxe7+ Kxe7 45. Rxc3 Kd6 46. Bb5 Ra7 47. Kg2 Re7 48. a5 Rb7 49. Rb3 Ke5 50. a6 Ra7 51. Be2 Kd4 52. Rb7 Ra8 53. a7 c4 54. Bf3 1-0

[Event "Oberliga Nord O 1213"]
[Site "Germany"]
[Date "2013.01.13"]
[Round "5.2"]
[White "Wendt, Jan Dietrich"]
[Black "Janaszak, Dawid"]
[Result "1/2-1/2"]
[WhiteElo "2362"]
[BlackElo "2389"]
[PlyCount "101"]
[EventDate "2012.10.17"]
[EventType "team-tourn"]
[EventRounds "9"]
[EventCountry "GER"]
[SourceTitle "EXT 2015"]
[Source "ChessBase"]
[SourceDate "2014.11.20"]
[SourceVersion "1"]
[SourceVersionDate "2014.11.20"]
[SourceQuality "1"]
[WhiteTeam "Berlin SF"]
[BlackTeam "Ruedersdorf"]
[WhiteTeamCountry "GER"]
[BlackTeamCountry "GER"]

1. Nf3 g6 2. d4 Bg7 3. e4 d6 4. c4 Nf6 5. Nc3 0-0 6. Be2 e5 7. 0-0 Nbd7 8. Be3 c6 9. d5 c5 10. Nd2 Ne8 11. g4 Bf6 12. Nf3 Bg7 13. Kh1 Ndf6 14. Nd2 Kh8 15. Rg1 Ng8 16. Rb1 Bd7 17. a3 b6 18. b4 Rc8 19. Rb3 f6 20. Nf3 Nh6 21. Nd2 Nf7 22. Nf1 Bh6 23. Bxh6 Nxh6 24. Qd2 Ng8 25. Ne3 Rc7 26. Bd3 Ng7 27. Rbb1 Ne7 28. Qe2 Be8 29. Qf3 Qc8 30. Qg3 h5 31. Be2 cxb4 32. axb4 g5 33. Nf5 Nexf5 34. gxf5 h4 35. Qe3 Nh5 36. Bxh5 Bxh5 37. Nb5 Rd7 38. c5 bxc5 39. Rgc1 a6 40. Na3 Rc7 41. bxc5 Rxc5 42. Kg2 Rc7 43. Rxc7 Qxc7 44. Rc1 Qb7 45. Rc6 Rd8 46. Nc4 Qb4 47. h3 Rd7 48. Nb6 Rd8 49. Nc4 Rd7 50. Nb6 Rd8 51. Nc4 1/2-1/2

[Event "Berlin Lichtenberger op 11th"]
[Site "Berlin"]
[Date "2012.08.19"]
[Round "2"]
[White "Wendt, Jan Dietrich"]
[Black "Guenther, Thomas"]
[Result "1-0"]
[WhiteElo "2357"]
[BlackElo "2085"]
[PlyCount "61"]
[EventDate "2012.08.18"]
[EventType "swiss"]
[EventRounds "9"]
[EventCountry "GER"]
[SourceTitle "CBM 150 Extra"]
[Source "ChessBase"]
[SourceDate "2012.10.19"]
[SourceVersion "1"]
[SourceVersionDate "2012.10.19"]
[SourceQuality "1"]

1. Nf3 Nf6 2. c4 e6 3. g3 d5 4. Bg2 Be7 5. 0-0 0-0 6. d4 Nbd7 7. Qc2 c6 8. Nbd2 b6 9. e4 dxe4 10. Nxe4 Bb7 11. Rd1 Qc8 12. Nxf6+ Nxf6 13. c5 bxc5 14. dxc5 h6 15. b3 Nd5 16. Bb2 Qc7 17. Ne5 Bf6 18. Nc4 Bxb2 19. Qxb2 Qe7 20. Nd6 Rab8 21. Rd2 Ba6 22. Re1 Qc7 23. Qa3 Bb5 24. Rd4 a5 25. Qb2 Qa7 26. Bxd5 cxd5 27. Rg4 g6 28. Qf6 Bd3 29. Qc3 Bf5 30. Ra4 Rb4 31. Qxb4 1-0